Les clubs féminins les plus titrés UEFA Women's Champions League - Statistiques

Statistiques générales
  • Ce quiz a été pris 64 fois
  • Le résultat moyen est 3 sur 7
Statistiques - réponses
Hint Réponse % Correct
8 Lyon
100%
1 Arsenal
63%
2 Wolfsburg
58%
3 Barcelona
52%
2 Potsdam
8%
2 Umea
7%
1 Duisburg
3%
Aucun quiz correspondant
Distribution des résultats
% des personnes avec chaque résultat
Percentile par nombre de réponses
Votre historique - résultats
Vous n’avez pas pris ce quiz